Guess the stranger things charaters by emojis - Statistics

General Stats
  • This quiz has been taken 118 times
  • The average score is 8 of 9
Answer Stats
Hint Answer % Correct
πŸ‘ƒπŸ©ΈπŸ₯žπŸ‘¨β€πŸ¦² Eleven
99%
πŸ§’πŸ“‘πŸ•Ή Dustin
98%
πŸš¬πŸš“ Hopper
96%
πŸ€πŸ‘¨πŸΏβ€πŸ¦± Lucas
96%
πŸ›ΉπŸ“ΌπŸ‘©β€πŸ¦½ Max
96%
πŸ‘—πŸ”«πŸ“° Nancy
83%
πŸšπŸ’‘ Joyce
76%
πŸ¨πŸ“»πŸŒˆ Robin
73%
πŸ‘ΉπŸ• Demodog
64%
No matching quizzes found
Score Distribution
Percent of People with Each Score
Percentile by Number Answered
Your Score History
You have not taken this quiz